000 00314nam a22001097a 4500
008 151013b xxu||||| |||| 00| 0 eng d
020 _a0415700752
082 _a307.768 GRA
100 _aGRANT, JILL
245 _aPLANNING THE GOOD COMMUNITY:
_bNEW URBANISM IN THEORY AND PRACTICE
260 _aLONDON:
_bROUTLEDGE,
_c2006.
999 _c3513
_d3513